000 00631nam a22001697a 4500
003 UA-OsUOA
001 18432
007 ta
008 20040515b un ||||| |||| 00| 0 ukr d
942 _cSA
040 _aUA-OsUOA
_cUA-OsUOA
_dUA-OsUOA
245 _aХірург із мрією про небо
_b[Інтерв'ю з хірургом Рівнен. обл. клініч. лікарні , засл. лікарем України М. Пшеничним]
300 _aС.6
955 _a0
773 0 _w0
_tРівненська газета
_dРівне
_d2004
_g№31/ 7 трав./
650 7 _aКраєзнавча робота
_2UDC
999 _c304603
_d304603